State finances audit report of the CAG of India for the year ended 31 March 2018 (Record no. 515145)

000 -LEADER
fixed length control field 00383nam a2200109 4500
082 ## - DEWEY DECIMAL CLASSIFICATION NUMBER
Classification number L906x5442 C/F/2018-19
100 ## - MAIN ENTRY--PERSONAL NAME
Personal name Maharashtra. Indian Audit and Accounts Department
9 (RLIN) 20285
245 ## - TITLE STATEMENT
Title State finances audit report of the CAG of India for the year ended 31 March 2018
260 ## - PUBLICATION, DISTRIBUTION, ETC. (IMPRINT)
Place of publication, distribution, etc Mumbai
Name of publisher, distributor, etc The author
Date of publication, distribution, etc 2019
300 ## - PHYSICAL DESCRIPTION
Extent 134p.
650 ## - SUBJECT ADDED ENTRY--TOPICAL TERM
Topical term or geographic name as entry element Auditing - India - Maharashtra
9 (RLIN) 20286
Holdings
Withdrawn status Lost status Source of classification or shelving scheme Damaged status Koha normalized classification for sorting Not for loan Permanent location Current location Date acquired Full call number Barcode Date last seen Price effective from Koha item type
        L_906X5442_C_F_201819   Indian Institute of Public Administration Indian Institute of Public Administration 2021-01-13 L906x5442 C/F/2018-19 GG34844 2021-01-13 2021-01-13 GR

Powered by Koha